Holiday Quiz

Random Holiday or Blitz Quiz

Multi-Category Holiday Blitz Quiz Stats

Quiz Updated Jul 27, 2017

Challenge
Share
Tweet
Embed
Score 0/30 Timer 04:00
0 Plays Today
Hint Answer % Correct
Begins with PPresents
98.1%
Four Letter HolidayRide
90.7%
Holiday FoodTurkey
86.6%
Four Letter HolidayBank
86.4%
Four Letter HolidayGood
84.2%
Holiday FoodEggnog
83.1%
Begins with PPresidents' Day
83%
Four Letter HolidayNick
83%
Begins with PPassover
81.5%
Begins with PPipers piping
80.2%
There's a Name in that HolidayValentine's Day
76.8%
Four Letter HolidayRosh
72.4%
Holiday FoodMandarin orange
71.9%
There's a Name in that HolidayMartin Luther King Jr. Day
71.3%
Holiday FoodRamadan
71.1%
Hint Answer % Correct
Holidays Around the WorldBoxing Day
70.6%
Begins with PPoinsettia
70.4%
Christmas MoviesBad Santa
69.6%
Holidays Around the WorldBastille Day
68.9%
Christmas MoviesA Christmas Story
68.6%
There's a Name in that HolidayColumbus Day
68.2%
Christmas MoviesChristmas Vacation
66.7%
Christmas MoviesWhite Christmas
60.1%
Christmas MoviesLove, Actually
51.7%
There's a Name in that HolidayGuy Fawkes Night
44.4%
Holiday FoodMatzo
43.5%
Holidays Around the WorldDiwali
36.2%
Holidays Around the WorldAustralia/NZ
33.8%
Holidays Around the WorldSouth Africa
18.4%
There's a Name in that HolidayBuddha's Birthday
16.3%

You're not logged in!

Compare scores with friends on all Sporcle quizzes.
Sign Up with Email
OR
Log In

You Might Also Like...

Show Comments

Extras

Top Quizzes Today


Score Distribution

Your Account Isn't Verified!

In order to create a playlist on Sporcle, you need to verify the email address you used during registration. Go to your Sporcle Settings to finish the process.